अँधेरा कमरा / (Record no. 118392)

MARC details
000 -LEADER
fixed length control field 01332nam a22002897a 4500
003 - CONTROL NUMBER IDENTIFIER
control field dpl
005 - DATE AND TIME OF LATEST TRANSACTION
control field 20180830124853.0
008 - FIXED-LENGTH DATA ELEMENTS--GENERAL INFORMATION
fixed length control field 180830b xxu||||| |||| 00| 0 eng d
010 ## - LIBRARY OF CONGRESS CONTROL NUMBER
LC control number B-193352
020 ## - INTERNATIONAL STANDARD BOOK NUMBER
Terms of availability 150.00
International Standard Book Number 8179320537
035 ## - SYSTEM CONTROL NUMBER
System control number B-193352, B-193356
037 ## - SOURCE OF ACQUISITION
Source of stock number/acquisition Cen Lib/Ret
040 ## - CATALOGING SOURCE
Original cataloging agency DPL
Language of cataloging HN
Transcribing agency 0
082 ## - DEWEY DECIMAL CLASSIFICATION NUMBER
Classification number
Item number नाराय
100 ## - MAIN ENTRY--PERSONAL NAME
Personal name नारायण, आर. के
9 (RLIN) 79905
245 ## - TITLE STATEMENT
Title अँधेरा कमरा /
Statement of responsibility, etc आर. के नारायण;अनुवादक रमा तिवारी
246 ## - VARYING FORM OF TITLE
Title proper/short title Parasmani /
Remainder of title by R. K. Narayan;anuvadak Rama Tiwari
260 ## - PUBLICATION, DISTRIBUTION, ETC. (IMPRINT)
Place of publication, distribution, etc जयपुर
Name of publisher, distributor, etc साहित्य चन्द्रिका प्रकाशन
Date of publication, distribution, etc 2006
270 ## - ADDRESS
Address 24, न्यू पिंकसिटी मार्किट, सिद्देश्वर महादेव मंदिर के पीछे, पंचवटी, राजापार्क
City जयपुर
300 ## - PHYSICAL DESCRIPTION
Extent 343पृ.
Dimensions 21सेमी(सजिल्द)
650 ## - SUBJECT ADDED ENTRY--TOPICAL TERM
Topical term or geographic name as entry element साहित्य--उपन्यास
9 (RLIN) 79906
650 ## - SUBJECT ADDED ENTRY--TOPICAL TERM
Topical term or geographic name as entry element हिंदी उपन्यास
9 (RLIN) 79907
650 ## - SUBJECT ADDED ENTRY--TOPICAL TERM
Topical term or geographic name as entry element Literature--Novel
9 (RLIN) 79908
650 ## - SUBJECT ADDED ENTRY--TOPICAL TERM
Topical term or geographic name as entry element Hindi novel
9 (RLIN) 79909
700 ## - ADDED ENTRY--PERSONAL NAME
Personal name तिवारी, रमा
9 (RLIN) 79910
942 ## - ADDED ENTRY ELEMENTS (KOHA)
Source of classification or shelving scheme Dewey Decimal Classification
Koha item type Hindi Books
Classification part
Call number suffix नाराय
Holdings
Withdrawn status Lost status Damaged status Not for loan Home library Current library Date acquired Source of acquisition Cost, normal purchase price Total Checkouts Full call number Barcode Date last seen Date checked out Copy number Cost, replacement price Price effective from Koha item type Source of classification or shelving scheme Collection code
        Central Library Central Library 11/09/2015 Cen Lib/Ret 150.00 1 उ नाराय B-193352 17/06/2022 03/06/2022 1 150.00 11/09/2015 Hindi Books    
        Sarojini Nagar Sarojini Nagar 11/08/2018       उ नाराय B-193351 11/08/2018       11/08/2018 Hindi Books Dewey Decimal Classification Fiction
        Shahdara Branch Shahdara Branch 30/08/2018 BPPD/PUB 150.00   उ नाराय B-193356 30/08/2018     150.00 30/08/2018 Hindi Books Dewey Decimal Classification Fiction

© Delhi Public Library
Hit Counter
free hit counter